000 00811nam a2200265Ia 4500
003 OSt
005 20221005033550.0
006 a|||||r|||| 00| 0
007 ta
008 221004b |||||||| |||| 00| 0 eng d
020 _a9789380852904
_cINR 2500.00
024 _a41139
037 _b233, 14/01/2019, Eastern Book Linkers
_cTextual
040 _aCRL
_cCRL
_beng
041 _2eng
_aeng
082 _aV273:71, Q8
100 _aLama G.K. Au.
_937756
245 0 _aArchaeological journey of Nalanda
_b 1838-2016
260 _aDelhi
_bBuddhist World Press India
_c2018
300 _axxvi,177p.
_ccm.
650 _a NALANDA - HISTORY
_938942
650 _aARCHEOLOGY
942 _hV273:71, Q8
_cTEXL
_2cc
999 _c941713
_d941713